Las Nociones de estructura y genesis (Record no. 52121)

MARC details
000 -LEADER
fixed length control field 00937nam a22002417a 4500
005 - DATE AND TIME OF LATEST TRANSACTION
control field 20150124130529.0
008 - FIXED-LENGTH DATA ELEMENTS--GENERAL INFORMATION
fixed length control field 140526t agu||||| |||| 00| 0 spa d
050 #4 - LIBRARY OF CONGRESS CALL NUMBER
Classification number BD241
Item number N63 1975
100 ## - MAIN ENTRY--PERSONAL NAME
Personal name Goldman, Lucien,
245 14 - TITLE STATEMENT
Title Las Nociones de estructura y genesis
Statement of responsibility, etc Goldman, Lucien, coaut.
250 ## - EDITION STATEMENT
Edition statement 1a ed.
260 ## - PUBLICATION, DISTRIBUTION, ETC. (IMPRINT)
Place of publication, distribution, etc Buenos Aires, Argentina :
Name of publisher, distributor, etc Nueva Vision,
Date of publication, distribution, etc 1975
300 ## - PHYSICAL DESCRIPTION
Extent V. ;
Dimensions 18 cm.
490 ## - SERIES STATEMENT
Series statement Fichas;
Volume number/sequential designation no. 46
500 ## - GENERAL NOTE
General note Traducción de: les notions de genèse et de structure
500 ## - GENERAL NOTE
General note la biblioteca cuenta con el volumen 1 solamente
504 ## - BIBLIOGRAPHY, ETC. NOTE
Bibliography, etc Inlcuye índice
505 ## - FORMATTED CONTENTS NOTE
Formatted contents note contenido: v1. proeceso y estructura. Filosofía -- v2.matemàtica. biología -- v3. sociología. las ideologías reñigiosas. arte -- v4 psicofísica. Lingüística. psicología.
650 #4 - SUBJECT ADDED ENTRY--TOPICAL TERM
Topical term or geographic name as entry element Estructuralismo
700 ## - ADDED ENTRY--PERSONAL NAME
Personal name Goldman, Lucien, coaut.
700 ## - ADDED ENTRY--PERSONAL NAME
Personal name Maria, Floreal, coaut.
942 ## - ADDED ENTRY ELEMENTS (KOHA)
Source of classification or shelving scheme Clasificación Decimal Dewey
Koha item type Libro
Holdings
Estado de pérdida Fuente de clasificación Estado del daño No para préstamo Ubicación permanente Ubicación actual Apartado o colección Fecha de adquisición Fuente de adquisición Área del conocimiento Clasificación Código de Barras Date last seen Número de copia Tipo de recurso
  Biblioteca del Cogreso de los Estados Unidos     Biblioteca de la Facultad de Filosofía Biblioteca de la Facultad de Filosofía General 26/05/2014     BD241 N63 1975 BFF000006521 16/01/2015 C:1 V:1 Libro